000 02008nam a2200433 a 4500
003 BLK
005 20241024005426.0
008 180413b bul|||||r ||||||| ||bul||
010 _aKNG00025819000
040 _aBLK
041 _aBUL
_cBUL
080 _aМузиканти-творци, композитори
_b78.071.1
_x(470)(092)
_z78.071.1(470)(092)
080 _aРуски композитор
_b929 Римски-Корсаков, Николай Андреевич
_z929 Римски-Корсаков, Николай Андреевич
100 _aРимски-Корсаков, Николай Андреевич
_d1844 - 1908
_gРуски композитор
_9365844
139 _aРимски-Корсаков, Николай Андреевич
_bР 62
245 1 0 _aЛетопис на моя музикален живот
_cНиколай Андреевич Римски-Корсаков; прев. от рус. Теодора Генчева Узунова.
257 _aSUN
260 _bМузика
_c1978
_aСофия
300 _a463 с., 16 л.
_bс ил.
_c20 см
380 _a7
500 _aСписък на съкр. ; Именен показалец.
600 0 _aРимски-Корсаков, Николай Андреевич
_d1844 - 1908
_gРуски композитор
_9365844
650 4 _aКомпозитори, руски
_9267007
650 4 _aМузика - Русия
_9267008
651 4 _aРусия
_9179465
653 _aкомпозитори
653 _aбиографии
653 _aРусия
653 _aНиколай Римски-Корсаков
700 1 _aУзунова, Теодора Генчева
_eпрев. от рус.
_9267006
852 _aЦб 93740
_bЦб
856 4 _qpdf
_u
_i0.00
_ldisable
856 4 _qpdf
_u
_i0.00
_ldisable
942 _cKNG
_n0
_s1
944 _aCR
_c17.05.2011
_lCRON CRON
_k
944 _aED
_c16.09.2014
_lдобави в АБ / 14.05.2011
999 _c23343
_d23343
999 _d23343
999 _d23343